Normal view MARC view

Entry Corporate Name

Number of records used in: 1

001 - CONTROL NUMBER

  • control field: no 99002461

003 - CONTROL NUMBER IDENTIFIER

  • control field: DLC

005 - DATE AND TIME OF LATEST TRANSACTION

  • control field: 20190919101057.0

008 - FIXED-LENGTH DATA ELEMENTS

  • fixed length control field: 990113n| azannaabn |a ana c

010 ## - LIBRARY OF CONGRESS CONTROL NUMBER

  • LC control number: no 99002461

035 ## - SYSTEM CONTROL NUMBER

  • System control number: (OCoLC)oca04896360

040 ## - CATALOGING SOURCE

  • Original cataloging agency: IAhCCS
  • Language of cataloging: eng
  • Transcribing agency: IAhCCS
  • Modifying agency: WaBeW
  • Description conventions: rda
  • Modifying agency: IAhCCS

046 ## - SPECIAL CODED DATES

  • Start period: 199x
  • End period: 2002
  • Source of date scheme: edtf

110 2# - HEADING--CORPORATE NAME

  • Corporate name or jurisdiction name as entry element: Good Machine (Firm)

370 ## - ASSOCIATED PLACE

  • Associated country: United States
  • Source of term: naf

410 2# - SEE FROM TRACING--CORPORATE NAME

  • Corporate name or jurisdiction name as entry element: You yi zhi zuo gong si

510 2# - SEE ALSO FROM TRACING--CORPORATE NAME

  • Control subfield: r
  • Relationship information: Product of merger:
  • Corporate name or jurisdiction name as entry element: Focus Features

670 ## - SOURCE DATA FOUND

  • Source citation: No looking back, c1998:
  • Information found: credits (Good Machine)

670 ## - SOURCE DATA FOUND

  • Source citation: Tui shou, c1991:
  • Information found: credits (You yi zhi zuo gong si)

670 ## - SOURCE DATA FOUND

  • Source citation: Wikipedia, viewed Sept. 30, 2016
  • Information found: (Good Machine was an independent film production, film distribution, and foreign sales company started in the early 1990s by its co-founders and producers, Ted Hope and James Schamus. David Linde joined as a partner in the late 1990s and to also start the international sales company. They sold the company to Universal Pictures in 2001; in 2002 it was acquired by Vivendi SA, which merged it with USA Films to create Focus Features)
  • Uniform Resource Identifier: https://en.wikipedia.org/wiki/Good_Machine
Devinim Yazılım Eğitim Danışmanlık tarafından Koha'nın orjinal sürümü uyarlanarak geliştirilip kurulmuştur.